logo

Bir Sreshtho Munshi Abdur Rouf Library
Jhenaidah Cadet College

ব্যাশ শেল এবং স্ক্রীপ্টিং / (Record no. 12163)

MARC details
000 -LEADER
fixed length control field 00861nam a2200229 a 4500
001 - CONTROL NUMBER
JCCL Control Number 12163
003 - CONTROL NUMBER IDENTIFIER
JCCL marc code BD-JhCC
005 - DATE AND TIME OF LATEST TRANSACTION
control field 20210322115608.0
008 - FIXED-LENGTH DATA ELEMENTS--GENERAL INFORMATION
fixed length control field 210322s2011 bg a|||| |||| 00| 0 ban d
020 ## - INTERNATIONAL STANDARD BOOK NUMBER
International Standard Book Number 9789848933756
035 ## - SYSTEM CONTROL NUMBER
system control number (BD-JhCC)12163
040 ## - CATALOGING SOURCE
Original cataloging agency BD-JhCC
Modifying agency BD-JhCC
041 ## - LANGUAGE CODE
Language code of Book ban
082 ## - DEWEY DECIMAL CLASSIFICATION NUMBER
Classification number 005.432
100 ## - MAIN ENTRY--PERSONAL NAME
Personal name রহমান, মোহাম্মদ মিজানুর
245 ## - TITLE STATEMENT
Title ব্যাশ শেল এবং স্ক্রীপ্টিং /
Statement of responsibility, etc মোহাম্মদ মিজানুর রহমান,
260 ## - PUBLICATION, DISTRIBUTION, ETC. (IMPRINT)
Place of publication, distribution, etc ঢাকা :
Name of publisher, distributor, etc জ্ঞানকোষ প্রকাশনী,
Date of publication, distribution, etc ২০১১.
300 ## - PHYSICAL DESCRIPTION
Pagination ১৯৬ পৃ. :
Other physical details চিত্রাবলী,
Dimensions ২৩ সেমি.
650 ## - SUBJECT ADDED ENTRY--TOPICAL TERM
Topical term or geographic name as entry element Operating systems (Computers)
650 ## - SUBJECT ADDED ENTRY--TOPICAL TERM
Topical term or geographic name as entry element Linux device drivers (Computer programs)
942 ## - ADDED ENTRY ELEMENTS (KOHA)
Source of classification or shelving scheme Dewey Decimal Classification
Koha item type Books
Holdings
Source of classification or shelving scheme Damaged status Not for loan Home library Current library Shelving location Date of accession Cost, normal purchase price Total Checkouts Full call number Barcode Date last seen Date checked out Copy number Koha item type
Dewey Decimal Classification     JCC Rouf Library JCC Rouf Library General Stacks 03/22/2021 149.00 3 005.432 16070 04/23/2024 04/23/2024 C-1 Books
Dewey Decimal Classification     JCC Rouf Library JCC Rouf Library General Stacks 03/22/2021 149.00 1 005.432 16069 09/07/2024 08/28/2024 C-2 Books

JCC Library | Contacts | JCC Home

Last Update on 23 September 2017
Copyright @ 2017-2020 JCC Rouf Library
Rouf Library, Jhenidah Cadet College (JCC), Bangladesh